• 首页
  • 本馆介绍
  • 公告通知
  • 最新文献
  • 馆藏检索
  • 电子资源
  • 读者导购
  • 参考咨询
  • 我的图书馆
  • 登录
  • 详细信息显示
  • 放入我的书架
  • 预约/预借图书
  • 作者相关作品
  • 分类相关作品
  • 丛书相关作品
  • 出版社相关作品

书目信息

  • 表格格式
  • 工作单格式
  • 卡片格式
题名:
汽车电路识图技巧与要领100例
    
 
作者: 赵月静 主编
分册:  
出版信息: 北京   化学工业出版社  2015.11
页数: 215页
开本: 24cm
丛书名:
单 册:
中图分类: U463.6 , U463.620.2
科图分类:
主题词:
电子资源:
ISBN: 978-7-122-25167-1
000 00914nam0 2200229 450
001 1046
005 20161008084305.71
010    @a978-7-122-25167-1@b平装@dCNY48.00
100    @a20160112d2015 em y0chiy50 ea
101 0  @achi
102    @aCN@b110000
105    @ay z 000yy
200 1  @a汽车电路识图技巧与要领100例@9qi che dian lu shi tu ji qiao yu yao ling 100 li@f赵月静主编
210    @a北京@c化学工业出版社@d2015.11
215    @a215页@d24cm
330    @a本书主要介绍汽车电路识图基本知识,以实例的形式进行阐述,力求读者在轻松阅读的基础上举一反三。全书内容主要包括:汽车电源电路、启动电路、点火电路、照明电路、信号电路、仪表与指示灯电路、电子控制电路、安全行驶电路以及发动机动力控制电路等。
610 0  @a汽车@x电气设备@x电路图@x识图法
690    @aU463.6@v5
690    @aU463.620.2@v4
701  0 @a赵月静@9zhao yue jing@4主编
801  0 @aCN@b唐山师范学院图书馆@c20160830
905    @aZUCC@dU463.6@e337
    
    汽车电路识图技巧与要领100例/赵月静主编.-北京:化学工业出版社,2015.11
    215页;24cm
    
    
    ISBN 978-7-122-25167-1(平装):CNY48.00
    本书主要介绍汽车电路识图基本知识,以实例的形式进行阐述,力求读者在轻松阅读的基础上举一反三。全书内容主要包括:汽车电源电路、启动电路、点火电路、照明电路、信号电路、仪表与指示灯电路、电子控制电路、安全行驶电路以及发动机动力控制电路等。
●
相关链接 在E读中查询图书 在五车中查询图书 在当当中查询图书 在豆瓣中查询图书


正题名:汽车电路识图技巧与要领100例     索取号:U463.6/337         预约/预借

序号 登录号 条形码 馆藏地/架位号 状态 备注
1 906697   209066972   第二样本阅览室/ [索取号:U463.6/337] 在馆    
2 906698   209066981   第三借阅区/ [索取号:U463.6/337] 在馆    
3 906699   209066990   第三借阅区/ [索取号:U463.6/337] 在馆    
唐山师范学院图书馆 欢迎您!
大连网信软件有限公司© 版权所有